[Event "DEM U12 2019"]
[Site "Willingen GER"]
[Date "2019.06.13"]
[Round "7"]
[White "Foerster-Yialamas, Lucas"]
[Black "Metzdorf, Matteo"]
[Result "1-0"]
[Termination "normal"]
[Board "1"]
[WhiteElo "1981"]
[BlackElo "1837"]
[WhiteClock "00:59:25"]
[BlackClock "00:00:33"]
[PlyCount "65"]
[WhiteFideId "30901774"]
[BlackFideId "16209869"]
[EventCountry "GER"]
[EventRounds "9"]
[EventType "swiss"]
[EventDate "2019.06.08"]

1. e4 {[%clk 1:30:58]} 1... c5 {[%clk 1:30:55]} 2. Nf3 {[%clk 1:31:21]} 2... e6
{[%clk 1:31:18]} 3. d4 {[%clk 1:31:47]} 3... cxd4 {[%clk 1:31:44]} 4. Nxd4 {
[%clk 1:32:13]} 4... a6 {[%clk 1:32:06]} 5. Bd3 {[%clk 1:32:39]} 5... Qc7 {
[%clk 1:31:31]} 6. c4 {[%clk 1:32:32]} 6... Nc6 {[%clk 1:30:40]} 7. Nxc6 {
[%clk 1:32:48]} 7... dxc6 {[%clk 1:30:24]} 8. Nc3 {[%clk 1:32:27]} 8... Nf6 {
[%clk 1:27:08]} 9. O-O {[%clk 1:31:53]} 9... e5 {[%clk 1:24:28]} 10. h3 { [%clk
1:31:59]} 10... Be6 {[%clk 1:14:33]} 11. Be3 {[%clk 1:31:56]} 11... Nd7 { [%clk
1:10:03]} 12. Qc2 {[%clk 1:30:24]} 12... f6 {[%clk 1:09:05]} 13. Be2 { [%clk
1:21:47]} 13... a5 {[%clk 0:50:03]} 14. Na4 {[%clk 1:21:01]} 14... Be7 { [%clk
0:34:33]} 15. c5 {[%clk 1:19:29]} 15... O-O {[%clk 0:31:10]} 16. Bc4 { [%clk
1:18:52]} 16... Bf7 {[%clk 0:25:06]} 17. Rfd1 {[%clk 1:15:57]} 17... Rad8
{[%clk 0:23:52]} 18. Qc3 {[%clk 1:08:35]} 18... h5 {[%clk 0:05:49]} 19. Bxf7+ {
[%clk 1:05:51]} 19... Rxf7 {[%clk 0:06:05]} 20. Nb6 {[%clk 1:04:38]} 20... Nxb6
{[%clk 0:02:46]} 21. cxb6 {[%clk 1:04:57]} 21... Qb8 {[%clk 0:02:27]} 22. Qxa5
{[%clk 1:03:06]} 22... f5 {[%clk 0:02:11]} 23. Rxd8+ {[%clk 1:03:10]} 23...
Bxd8 {[%clk 0:01:51]} 24. exf5 {[%clk 1:02:17]} 24... Rxf5 {[%clk 0:01:50]} 25.
Rd1 {[%clk 1:01:55]} 25... Qc8 {[%clk 0:01:34]} 26. Qd2 {[%clk 1:01:45]} 26...
Bh4 {[%clk 0:00:45]} 27. g3 {[%clk 1:01:04]} 27... Be7 {[%clk 0:00:39]} 28. Qd7
{[%clk 1:00:46]} 28... Qf8 {[%clk 0:00:38]} 29. Qxb7 {[%clk 1:00:52]} 29... h4
{[%clk 0:00:36]} 30. g4 {[%clk 1:00:05]} 30... Rf3 {[%clk 0:00:34]} 31. Qxc6 {
[%clk 0:59:48]} 31... Kh8 {[%clk 0:00:34]} 32. b7 {[%clk 0:59:47]} 32... Bd8 {
[%clk 0:00:33]} 33. b8=Q {[%clk 0:59:25]} 1-0

[Event "DEM U12 2019"]
[Site "Willingen GER"]
[Date "2019.06.13"]
[Round "7"]
[White "Reichmann, Felix"]
[Black "Klühs, Gustaf"]
[Result "1/2-1/2"]
[Termination "normal"]
[Board "2"]
[WhiteElo "1725"]
[BlackElo "1705"]
[WhiteClock "00:59:09"]
[BlackClock "00:56:49"]
[PlyCount "41"]
[WhiteFideId "16238290"]
[BlackFideId "16228936"]
[EventCountry "GER"]
[EventRounds "9"]
[EventType "swiss"]
[EventDate "2019.06.08"]

1. c4 {[%clk 1:30:59]} 1... c5 {[%clk 1:30:56]} 2. g3 {[%clk 1:31:17]} 2... g6
{[%clk 1:31:17]} 3. Bg2 {[%clk 1:31:43]} 3... Bg7 {[%clk 1:31:43]} 4. Nc3 {
[%clk 1:32:06]} 4... Nc6 {[%clk 1:32:07]} 5. a3 {[%clk 1:32:32]} 5... d6 {
[%clk 1:30:56]} 6. Rb1 {[%clk 1:32:56]} 6... Be6 {[%clk 1:24:48]} 7. d3 { [%clk
1:33:19]} 7... Qd7 {[%clk 1:21:22]} 8. Nf3 {[%clk 1:33:44]} 8... h6 { [%clk
1:20:55]} 9. O-O {[%clk 1:32:38]} 9... Nf6 {[%clk 1:20:34]} 10. Bd2 { [%clk
1:33:02]} 10... O-O {[%clk 1:20:58]} 11. b4 {[%clk 1:33:10]} 11... Rac8 { [%clk
1:08:11]} 12. b5 12... Nd4 {[%clk 1:05:55]} 13. e3 {[%clk 1:22:04]} 13... Nxf3+
{[%clk 1:05:58]} 14. Qxf3 {[%clk 1:21:28]} 14... b6 {[%clk 1:06:13]} 15. e4
{[%clk 1:18:49]} 15... Ng4 {[%clk 1:02:12]} 16. Qe2 {[%clk 1:17:10]} 16... Ne5
{[%clk 1:01:26]} 17. Nd5 {[%clk 1:03:07]} 17... Bxd5 {[%clk 0:58:34]} 18. exd5
{[%clk 1:03:09]} 18... Qf5 {[%clk 0:57:42]} 19. Be4 {[%clk 1:03:20]} 19... Qg4
{[%clk 0:56:25]} 20. Qxg4 {[%clk 0:59:07]} 20... Nxg4 {[%clk 0:56:49]} 21. f4
{[%clk 0:59:09]} 1/2-1/2

[Event "DEM U12 2019"]
[Site "Willingen GER"]
[Date "2019.06.13"]
[Round "7"]
[White "Freude, Max"]
[Black "Bakiev, Diyor"]
[Result "0-1"]
[Termination "normal"]
[Board "3"]
[WhiteElo "1707"]
[BlackElo "2123"]
[WhiteClock "00:05:49"]
[BlackClock "00:10:14"]
[PlyCount "136"]
[WhiteFideId "16236157"]
[BlackFideId "16241584"]
[EventCountry "GER"]
[EventRounds "9"]
[EventType "swiss"]
[EventDate "2019.06.08"]

1. b3 {[%clk 1:30:53]} 1... e5 {[%clk 1:30:52]} 2. Bb2 {[%clk 1:31:19]} 2...
Nc6 {[%clk 1:31:19]} 3. e3 {[%clk 1:31:45]} 3... Nf6 {[%clk 1:31:43]} 4. d4 {
[%clk 1:29:46]} 4... exd4 {[%clk 1:27:59]} 5. exd4 {[%clk 1:29:53]} 5... d5 {
[%clk 1:28:07]} 6. Nf3 {[%clk 1:29:23]} 6... Bd6 {[%clk 1:27:40]} 7. Be2 {
[%clk 1:28:18]} 7... O-O {[%clk 1:27:19]} 8. O-O {[%clk 1:27:15]} 8... Ne7 {
[%clk 1:26:33]} 9. Ne5 {[%clk 1:21:33]} 9... Nd7 {[%clk 1:13:44]} 10. Bd3 {
[%clk 1:15:39]} 10... Ng6 {[%clk 1:10:30]} 11. f4 {[%clk 1:08:27]} 11... f5 {
[%clk 1:00:04]} 12. Qh5 {[%clk 1:03:13]} 12... Nf6 {[%clk 0:57:04]} 13. Qg5 {
[%clk 0:59:21]} 13... Ne4 {[%clk 0:51:52]} 14. Qxd8 {[%clk 0:49:03]} 14... Rxd8
{[%clk 0:51:13]} 15. Nc3 {[%clk 0:41:46]} 15... c6 {[%clk 0:45:37]} 16. g3 {
[%clk 0:37:40]} 16... Nf8 {[%clk 0:42:54]} 17. Kg2 {[%clk 0:33:16]} 17... Ne6 {
[%clk 0:41:16]} 18. Ne2 {[%clk 0:32:00]} 18... a5 {[%clk 0:35:27]} 19. a4 {
[%clk 0:30:20]} 19... Nc7 {[%clk 0:33:43]} 20. Ng1 {[%clk 0:24:09]} 20... Na6 {
[%clk 0:33:01]} 21. Ngf3 {[%clk 0:21:27]} 21... h6 {[%clk 0:28:30]} 22. c3 {
[%clk 0:19:11]} 22... Be6 {[%clk 0:27:16]} 23. Rfd1 {[%clk 0:17:40]} 23... Nc7
{[%clk 0:25:33]} 24. c4 {[%clk 0:16:26]} 24... Ne8 {[%clk 0:22:13]} 25. c5 {
[%clk 0:15:12]} 25... Bc7 {[%clk 0:22:30]} 26. Rac1 {[%clk 0:15:04]} 26... N8f6
{[%clk 0:22:07]} 27. Rc2 {[%clk 0:12:46]} 27... Kh7 {[%clk 0:20:41]} 28. Bc3 {
[%clk 0:08:57]} 28... g5 {[%clk 0:17:23]} 29. fxg5 {[%clk 0:08:00]} 29... hxg5
{[%clk 0:17:47]} 30. Re1 {[%clk 0:05:37]} 30... g4 {[%clk 0:14:16]} 31. Bxe4 {
[%clk 0:05:22]} 31... Nxe4 {[%clk 0:14:39]} 32. Nd2 {[%clk 0:04:56]} 32... Bxe5
{[%clk 0:12:13]} 33. dxe5 33... Nxc5 {[%clk 0:09:50]} 34. Bd4 {[%clk 0:03:46]}
34... Ne4 {[%clk 0:09:08]} 35. Rec1 {[%clk 0:02:49]} 35... Bf7 {[%clk 0:04:54]}
36. Bb6 {[%clk 0:02:20]} 36... Re8 {[%clk 0:04:13]} 37. Nxe4 {[%clk 0:01:47]}
37... dxe4 {[%clk 0:04:30]} 38. Bc7 {[%clk 0:01:41]} 38... Bxb3 {[%clk 0:03:44]
} 39. Rb2 {[%clk 0:01:58]} 39... Bxa4 {[%clk 0:03:41]} 40. Rxb7 {[%clk 0:01:22]
} 40... Re7 {[%clk 0:03:34]} 41. Rb8 {[%clk 0:01:11]} 41... Rxb8 { [%clk
0:03:21]} 42. Bxb8 {[%clk 0:29:56]} 42... Rb7 {[%clk 0:32:46]} 43. Bd6 { [%clk
0:29:32]} 43... Bb5 {[%clk 0:30:44]} 44. e6 {[%clk 0:27:23]} 44... Ra7 { [%clk
0:21:48]} 45. e7 {[%clk 0:20:26]} 45... Ra8 {[%clk 0:22:08]} 46. Rd1 { [%clk
0:19:19]} 46... Re8 {[%clk 0:17:53]} 47. Bc5 {[%clk 0:18:52]} 47... Kg7 { [%clk
0:17:11]} 48. Kf2 {[%clk 0:18:10]} 48... Kf7 {[%clk 0:16:34]} 49. Rd8 { [%clk
0:18:12]} 49... Rxe7 {[%clk 0:15:01]} 50. Bxe7 {[%clk 0:18:28]} 50... Kxe7
{[%clk 0:15:30]} 51. Rd2 {[%clk 0:18:29]} 51... Ke6 {[%clk 0:15:39]} 52. Ke3
{[%clk 0:17:10]} 52... Ke5 {[%clk 0:16:05]} 53. Rd1 {[%clk 0:16:15]} 53... a4
{[%clk 0:15:51]} 54. Rd2 {[%clk 0:15:59]} 54... c5 {[%clk 0:14:43]} 55. Rd8
{[%clk 0:14:37]} 55... Bc6 {[%clk 0:11:42]} 56. Kd2 {[%clk 0:11:53]} 56... Bd5
{[%clk 0:10:06]} 57. Kc3 {[%clk 0:11:12]} 57... a3 {[%clk 0:10:20]} 58. Re8+ {
[%clk 0:10:40]} 58... Be6 {[%clk 0:09:03]} 59. Ra8 {[%clk 0:08:47]} 59... a2 {
[%clk 0:09:28]} 60. Ra5 {[%clk 0:08:48]} 60... Bd5 {[%clk 0:09:25]} 61. Ra7 {
[%clk 0:08:44]} 61... f4 {[%clk 0:08:47]} 62. gxf4+ {[%clk 0:08:08]} 62... Kxf4
{[%clk 0:09:12]} 63. Ra6 {[%clk 0:08:06]} 63... Kf3 {[%clk 0:09:01]} 64. Rf6+ {
[%clk 0:05:37]} 64... Kg2 {[%clk 0:09:20]} 65. Kb2 {[%clk 0:05:45]} 65... e3 {
[%clk 0:09:36]} 66. Rg6 {[%clk 0:05:12]} 66... e2 {[%clk 0:09:26]} 67. Rxg4+ {
[%clk 0:05:29]} 67... Kf2 {[%clk 0:09:46]} 68. Rf4+ {[%clk 0:05:49]} 68... Bf3
{[%clk 0:10:14]} 0-1

[Event "DEM U12 2019"]
[Site "Willingen GER"]
[Date "2019.06.13"]
[Round "7"]
[White "Fuchs, Florian"]
[Black "Kempe, Caius Emilian"]
[Result "1/2-1/2"]
[Termination "normal"]
[Board "4"]
[WhiteElo "1746"]
[BlackElo "1766"]
[WhiteClock "00:36:17"]
[BlackClock "01:15:05"]
[PlyCount "50"]
[WhiteFideId "16213351"]
[BlackFideId "16246861"]
[EventCountry "GER"]
[EventRounds "9"]
[EventType "swiss"]
[EventDate "2019.06.08"]

1. e4 {[%clk 1:30:57]} 1... c5 {[%clk 1:30:52]} 2. Nf3 {[%clk 1:31:21]} 2...
Nc6 {[%clk 1:31:15]} 3. d4 {[%clk 1:31:43]} 3... cxd4 {[%clk 1:31:37]} 4. Nxd4
{[%clk 1:32:07]} 4... g6 {[%clk 1:31:28]} 5. c4 {[%clk 1:31:26]} 5... Bg7 {
[%clk 1:31:50]} 6. Be3 {[%clk 1:29:52]} 6... Nf6 {[%clk 1:32:05]} 7. Nc3 {
[%clk 1:29:34]} 7... d6 {[%clk 1:32:15]} 8. Be2 {[%clk 1:29:48]} 8... O-O {
[%clk 1:32:32]} 9. O-O {[%clk 1:29:58]} 9... Bd7 {[%clk 1:32:51]} 10. Qd2 {
[%clk 1:22:40]} 10... Nxd4 {[%clk 1:32:00]} 11. Bxd4 {[%clk 1:23:03]} 11... Bc6
{[%clk 1:32:25]} 12. f3 {[%clk 1:23:22]} 12... Nd7 {[%clk 1:32:34]} 13. Rfd1 {
[%clk 1:15:51]} 13... a5 {[%clk 1:30:33]} 14. Rac1 {[%clk 1:10:35]} 14... Bxd4+
{[%clk 1:26:44]} 15. Qxd4 {[%clk 1:10:59]} 15... Qb6 {[%clk 1:26:42]} 16. Nd5 {
[%clk 1:09:18]} 16... Qxd4+ {[%clk 1:26:39]} 17. Rxd4 {[%clk 1:09:38]} 17...
Bxd5 {[%clk 1:26:43]} 18. cxd5 {[%clk 1:09:44]} 18... Rfc8 {[%clk 1:26:18]} 19.
Rdc4 {[%clk 1:08:03]} 19... Nc5 {[%clk 1:26:16]} 20. a4 {[%clk 0:51:11]} 20...
Kg7 {[%clk 1:23:14]} 21. Kf2 {[%clk 0:50:55]} 21... h5 {[%clk 1:21:55]} 22.
R4c3 {[%clk 0:49:52]} 22... Rh8 {[%clk 1:21:01]} 23. Bb5 {[%clk 0:49:20]} 23...
Kf6 {[%clk 1:19:59]} 24. Ke3 {[%clk 0:44:55]} 24... h4 {[%clk 1:15:22]} 25. Re1
{[%clk 0:36:17]} 25... Rh5 {[%clk 1:15:05]} 1/2-1/2

[Event "DEM U12 2019"]
[Site "Willingen GER"]
[Date "2019.06.13"]
[Round "7"]
[White "Costa, Leonardo"]
[Black "Deuer, Marius"]
[Result "1-0"]
[Termination "normal"]
[Board "5"]
[WhiteElo "1933"]
[BlackElo "1961"]
[WhiteClock "00:14:24"]
[BlackClock "00:04:07"]
[PlyCount "155"]
[WhiteFideId "16213955"]
[BlackFideId "16236432"]
[EventCountry "GER"]
[EventRounds "9"]
[EventType "swiss"]
[EventDate "2019.06.08"]

1. e4 {[%clk 1:30:58]} 1... e5 {[%clk 1:30:55]} 2. Nf3 {[%clk 1:31:16]} 2...
Nc6 {[%clk 1:31:20]} 3. d4 {[%clk 1:30:58]} 3... exd4 {[%clk 1:31:44]} 4. Nxd4
{[%clk 1:31:23]} 4... Nf6 {[%clk 1:32:08]} 5. Nc3 {[%clk 1:31:29]} 5... Bb4 {
[%clk 1:32:28]} 6. Nxc6 {[%clk 1:31:30]} 6... bxc6 {[%clk 1:32:51]} 7. Bd3 {
[%clk 1:31:30]} 7... d5 {[%clk 1:32:59]} 8. exd5 {[%clk 1:30:58]} 8... O-O {
[%clk 1:32:53]} 9. O-O {[%clk 1:30:59]} 9... cxd5 {[%clk 1:32:59]} 10. h3 {
[%clk 1:29:19]} 10... c6 {[%clk 1:31:02]} 11. Qf3 {[%clk 1:29:03]} 11... Bd6 {
[%clk 1:28:08]} 12. Re1 {[%clk 1:21:12]} 12... Rb8 {[%clk 1:21:24]} 13. Rb1 {
[%clk 1:09:59]} 13... Be6 {[%clk 1:12:39]} 14. Bg5 {[%clk 1:00:11]} 14... h6 {
[%clk 1:08:12]} 15. Bh4 {[%clk 0:45:10]} 15... Rb4 {[%clk 1:03:49]} 16. Bg3 {
[%clk 0:44:01]} 16... Qb8 {[%clk 0:57:16]} 17. Bxd6 {[%clk 0:41:38]} 17... Qxd6
{[%clk 0:57:38]} 18. b3 {[%clk 0:36:17]} 18... Nd7 {[%clk 0:45:46]} 19. Rbd1 {
[%clk 0:31:38]} 19... Nc5 {[%clk 0:40:23]} 20. Ne2 {[%clk 0:28:50]} 20... Nxd3
{[%clk 0:32:44]} 21. Qxd3 {[%clk 0:28:08]} 21... c5 {[%clk 0:31:18]} 22. c4 {
[%clk 0:25:12]} 22... Rd8 {[%clk 0:23:39]} 23. Qg3 {[%clk 0:20:08]} 23... Qxg3
{[%clk 0:19:39]} 24. fxg3 {[%clk 0:20:34]} 24... g5 {[%clk 0:17:17]} 25. Nc3 {
[%clk 0:19:25]} 25... d4 {[%clk 0:15:37]} 26. Re5 {[%clk 0:19:32]} 26... Kg7 {
[%clk 0:12:50]} 27. Ne4 {[%clk 0:17:36]} 27... Rb6 {[%clk 0:11:33]} 28. Nxc5 {
[%clk 0:16:43]} 28... Kf6 {[%clk 0:10:53]} 29. Re4 {[%clk 0:15:23]} 29... d3 {
[%clk 0:06:11]} 30. Nxe6 {[%clk 0:08:02]} 30... fxe6 {[%clk 0:05:41]} 31. Kf2 {
[%clk 0:08:13]} 31... Ra6 {[%clk 0:05:02]} 32. Rd2 {[%clk 0:08:28]} 32... e5 {
[%clk 0:03:43]} 33. Re1 {[%clk 0:06:15]} 33... Re6 {[%clk 0:03:11]} 34. Re4 {
[%clk 0:05:41]} 34... Kf5 {[%clk 0:02:40]} 35. Ke3 {[%clk 0:05:53]} 35... Red6
{[%clk 0:02:06]} 36. g4+ {[%clk 0:05:53]} 36... Ke6 {[%clk 0:02:27]} 37. c5 {
[%clk 0:03:42]} 37... Rd5 {[%clk 0:01:04]} 38. b4 {[%clk 0:02:59]} 38... Rd4 {
[%clk 0:00:50]} 39. Rxd4 {[%clk 0:01:28]} 39... Rxd4 {[%clk 0:00:48]} 40. a3 {
[%clk 0:01:41]} 40... a5 {[%clk 0:00:39]} 41. Rxd3 {[%clk 0:25:47]} 41... axb4
{[%clk 0:25:43]} 42. axb4 {[%clk 0:26:03]} 42... Rxb4 {[%clk 0:23:50]} 43. Rd6+
{[%clk 0:26:26]} 43... Kf7 {[%clk 0:18:42]} 44. Rxh6 {[%clk 0:26:22]} 44... Rd4
{[%clk 0:17:19]} 45. c6 {[%clk 0:23:38]} 45... Rc4 {[%clk 0:16:35]} 46. Kd3 {
[%clk 0:23:34]} 46... Rd4+ {[%clk 0:15:55]} 47. Ke3 {[%clk 0:21:49]} 47... Rc4
{[%clk 0:15:55]} 48. Rd6 {[%clk 0:21:36]} 48... Rc2 {[%clk 0:11:38]} 49. Kd3
49... Rc1 {[%clk 0:08:28]} 50. Ke4 {[%clk 0:16:26]} 50... Re1+ {[%clk 0:08:19]}
51. Kf5 {[%clk 0:15:49]} 51... Ke7 {[%clk 0:06:50]} 52. Re6+ {[%clk 0:14:12]}
52... Kf7 {[%clk 0:06:14]} 53. Rxe5 {[%clk 0:14:13]} 53... Rc1 {[%clk 0:06:39]}
54. Kxg5 {[%clk 0:14:39]} 54... Rxc6 {[%clk 0:06:41]} 55. g3 {[%clk 0:14:33]}
55... Rc7 {[%clk 0:06:34]} 56. Ra5 {[%clk 0:14:44]} 56... Kg7 {[%clk 0:06:44]}
57. Re5 {[%clk 0:14:16]} 57... Rd7 {[%clk 0:06:55]} 58. Kf4 {[%clk 0:14:32]}
58... Rd4+ {[%clk 0:07:01]} 59. Re4 {[%clk 0:14:55]} 59... Rd7 {[%clk 0:07:24]}
60. g5 {[%clk 0:15:09]} 60... Kh7 {[%clk 0:06:55]} 61. Kg4 {[%clk 0:15:25]}
61... Kg7 {[%clk 0:07:10]} 62. Ra4 {[%clk 0:15:48]} 62... Rb7 {[%clk 0:06:52]}
63. h4 {[%clk 0:16:01]} 63... Rc7 {[%clk 0:07:08]} 64. Kh5 {[%clk 0:15:19]}
64... Kh7 {[%clk 0:06:33]} 65. Ra6 {[%clk 0:15:40]} 65... Kg7 {[%clk 0:06:45]}
66. g4 {[%clk 0:15:43]} 66... Rc8 {[%clk 0:05:40]} 67. Ra7+ {[%clk 0:16:04]}
67... Kg8 {[%clk 0:06:03]} 68. Kh6 {[%clk 0:15:45]} 68... Rb8 {[%clk 0:05:57]}
69. g6 {[%clk 0:15:11]} 69... Rc8 {[%clk 0:06:20]} 70. h5 {[%clk 0:13:38]}
70... Rb8 {[%clk 0:06:31]} 71. g5 {[%clk 0:13:46]} 71... Rc8 {[%clk 0:05:24]}
72. Ra6 {[%clk 0:13:39]} 72... Rb8 {[%clk 0:03:36]} 73. g7 {[%clk 0:13:33]}
73... Re8 {[%clk 0:03:16]} 74. g6 {[%clk 0:13:18]} 74... Rc8 {[%clk 0:03:23]}
75. Rf6 {[%clk 0:13:23]} 75... Rd8 {[%clk 0:03:15]} 76. Rf8+ {[%clk 0:13:42]}
76... Rxf8 {[%clk 0:03:41]} 77. gxf8=Q+ {[%clk 0:14:03]} 77... Kxf8 { [%clk
0:04:07]} 78. Kh7 {[%clk 0:14:24]} 1-0

[Event "DEM U12 2019"]
[Site "Willingen GER"]
[Date "2019.06.13"]
[Round "7"]
[White "Ohler, Julius"]
[Black "Hagner, Bennet"]
[Result "1-0"]
[Termination "normal"]
[Board "6"]
[WhiteElo "1837"]
[BlackElo "1900"]
[WhiteClock "00:33:15"]
[BlackClock "00:14:24"]
[PlyCount "87"]
[WhiteFideId "16238982"]
[BlackFideId "16224477"]
[EventCountry "GER"]
[EventRounds "9"]
[EventType "swiss"]
[EventDate "2019.06.08"]

1. c4 {[%clk 1:30:58]} 1... c6 {[%clk 1:30:53]} 2. d4 {[%clk 1:31:23]} 2... d5
{[%clk 1:31:17]} 3. cxd5 {[%clk 1:31:38]} 3... cxd5 {[%clk 1:31:40]} 4. Nc3 {
[%clk 1:32:04]} 4... Nf6 {[%clk 1:32:02]} 5. Bf4 {[%clk 1:32:28]} 5... Nc6 {
[%clk 1:31:47]} 6. e3 {[%clk 1:32:51]} 6... a6 {[%clk 1:31:48]} 7. Nf3 { [%clk
1:32:54]} 7... Bg4 {[%clk 1:31:56]} 8. h3 {[%clk 1:33:08]} 8... Bf5 { [%clk
1:30:13]} 9. Qb3 {[%clk 1:32:31]} 9... Na5 {[%clk 1:30:21]} 10. Qa4+ { [%clk
1:32:53]} 10... Bd7 {[%clk 1:30:37]} 11. Qc2 {[%clk 1:33:17]} 11... e6 { [%clk
1:30:17]} 12. Bd3 {[%clk 1:32:18]} 12... Rc8 {[%clk 1:28:58]} 13. O-O { [%clk
1:29:16]} 13... Be7 {[%clk 1:24:11]} 14. Rfc1 {[%clk 1:25:26]} 14... O-O {[%clk
1:20:31]} 15. Ne5 {[%clk 1:17:38]} 15... b5 {[%clk 1:15:17]} 16. Qd2 { [%clk
1:14:08]} 16... Nc4 {[%clk 1:09:44]} 17. Bxc4 {[%clk 1:13:11]} 17... bxc4
{[%clk 1:09:16]} 18. b3 {[%clk 1:04:07]} 18... Bb4 {[%clk 1:04:44]} 19. f3 {
[%clk 0:53:25]} 19... cxb3 {[%clk 1:00:14]} 20. axb3 {[%clk 0:52:51]} 20... Bb5
{[%clk 0:55:38]} 21. Nd3 {[%clk 0:50:21]} 21... Bxd3 {[%clk 0:54:06]} 22. Qxd3
{[%clk 0:50:24]} 22... Bxc3 {[%clk 0:53:11]} 23. Rxc3 {[%clk 0:50:41]} 23...
Rxc3 {[%clk 0:52:44]} 24. Qxc3 {[%clk 0:51:03]} 24... Qb6 {[%clk 0:52:23]} 25.
Kf2 {[%clk 0:46:03]} 25... h6 {[%clk 0:51:16]} 26. b4 {[%clk 0:42:43]} 26...
Nd7 {[%clk 0:48:00]} 27. Bc7 {[%clk 0:41:44]} 27... Qb7 {[%clk 0:38:40]} 28.
Bd6 {[%clk 0:41:31]} 28... Rc8 {[%clk 0:38:23]} 29. Bc5 {[%clk 0:41:51]} 29...
Qb5 {[%clk 0:34:31]} 30. Ra5 {[%clk 0:41:46]} 30... Qb7 {[%clk 0:33:53]} 31.
Qa3 {[%clk 0:39:05]} 31... Nxc5 {[%clk 0:23:35]} 32. bxc5 {[%clk 0:34:51]}
32... Rc6 {[%clk 0:23:42]} 33. Ra4 {[%clk 0:33:07]} 33... g6 {[%clk 0:18:58]}
34. Qb4 {[%clk 0:33:06]} 34... Qc7 {[%clk 0:18:06]} 35. Qa5 {[%clk 0:32:47]}
35... Qxa5 {[%clk 0:17:20]} 36. Rxa5 {[%clk 0:33:11]} 36... e5 {[%clk 0:15:18]}
37. dxe5 {[%clk 0:32:43]} 37... f6 {[%clk 0:14:16]} 38. exf6 {[%clk 0:32:50]}
38... Kf7 {[%clk 0:14:38]} 39. Ke2 {[%clk 0:32:10]} 39... Kxf6 {[%clk 0:14:51]}
40. Kd3 {[%clk 0:32:14]} 40... Ke5 {[%clk 0:14:32]} 41. f4+ {[%clk 0:32:30]}
41... Ke6 {[%clk 0:14:37]} 42. Kd4 {[%clk 0:32:51]} 42... g5 {[%clk 0:14:09]}
43. g4 {[%clk 0:32:51]} 43... gxf4 {[%clk 0:14:24]} 44. exf4 {[%clk 0:33:15]}
1-0

[Event "DEM U12 2019"]
[Site "Willingen GER"]
[Date "2019.06.13"]
[Round "7"]
[White "Woltmann, Peter"]
[Black "Stork, Christopher"]
[Result "0-1"]
[Termination "normal"]
[Board "7"]
[WhiteElo "1471"]
[BlackElo "1817"]
[WhiteClock "00:37:38"]
[BlackClock "00:28:07"]
[PlyCount "70"]
[WhiteFideId "16269349"]
[BlackFideId "16215400"]
[EventCountry "GER"]
[EventRounds "9"]
[EventType "swiss"]
[EventDate "2019.06.08"]

1. e4 {[%clk 1:30:58]} 1... c5 {[%clk 1:30:56]} 2. Nc3 {[%clk 1:31:24]} 2... e6
{[%clk 1:31:05]} 3. Nge2 {[%clk 1:31:49]} 3... Nc6 {[%clk 1:31:17]} 4. g3 {
[%clk 1:32:12]} 4... a6 {[%clk 1:27:47]} 5. a4 {[%clk 1:31:34]} 5... Nge7 {
[%clk 1:23:29]} 6. Bg2 {[%clk 1:31:45]} 6... d6 {[%clk 1:18:03]} 7. O-O { [%clk
1:30:08]} 7... g6 {[%clk 1:11:59]} 8. d4 {[%clk 1:30:29]} 8... cxd4 { [%clk
1:12:06]} 9. Nxd4 {[%clk 1:30:42]} 9... Bg7 {[%clk 1:12:28]} 10. Be3 { [%clk
1:28:58]} 10... O-O {[%clk 1:09:36]} 11. h4 {[%clk 1:24:34]} 11... e5 { [%clk
1:02:05]} 12. Nb3 {[%clk 1:22:01]} 12... f5 {[%clk 1:01:19]} 13. f4 { [%clk
1:18:53]} 13... Be6 {[%clk 0:59:43]} 14. Nd5 {[%clk 1:15:31]} 14... exf4 {[%clk
0:50:07]} 15. Bb6 {[%clk 1:13:23]} 15... Qd7 {[%clk 0:48:13]} 16. Nxf4 { [%clk
1:10:42]} 16... Bxb3 {[%clk 0:46:57]} 17. cxb3 {[%clk 1:10:52]} 17... Bxb2
{[%clk 0:47:02]} 18. Ra2 {[%clk 1:10:26]} 18... Be5 {[%clk 0:46:45]} 19. Nd5
{[%clk 1:03:21]} 19... Bxg3 {[%clk 0:43:13]} 20. exf5 {[%clk 0:56:21]} 20...
Nxf5 {[%clk 0:42:34]} 21. h5 {[%clk 0:54:40]} 21... Ne5 {[%clk 0:41:47]} 22.
Nc7 {[%clk 0:50:59]} 22... Rac8 {[%clk 0:39:47]} 23. Bd5+ {[%clk 0:51:06]}
23... Kh8 {[%clk 0:39:55]} 24. Be6 {[%clk 0:51:01]} 24... Qc6 {[%clk 0:39:47]}
25. Nd5 {[%clk 0:50:41]} 25... Rb8 {[%clk 0:35:06]} 26. hxg6 {[%clk 0:48:37]}
26... hxg6 {[%clk 0:30:33]} 27. Rg2 {[%clk 0:48:03]} 27... Ng7 {[%clk 0:28:29]}
28. Rxg3 {[%clk 0:44:26]} 28... Nxe6 {[%clk 0:28:27]} 29. Qd2 {[%clk 0:43:20]}
29... Rxf1+ {[%clk 0:28:10]} 30. Kxf1 {[%clk 0:43:24]} 30... Rf8+ { [%clk
0:28:24]} 31. Ke2 {[%clk 0:43:21]} 31... Qxd5 {[%clk 0:27:32]} 32. Qh6+ { [%clk
0:39:17]} 32... Kg8 {[%clk 0:27:19]} 33. Rxg6+ {[%clk 0:38:23]} 33... Nxg6
{[%clk 0:27:41]} 34. Qxg6+ {[%clk 0:38:48]} 34... Ng7 {[%clk 0:28:07]} 35. Be3
{[%clk 0:37:38]} 35... Qh5+ 0-1